|
|
|
|
| LEADER |
00000nab a2200000 a 4500 |
| 001 |
vtls009488344 |
| 003 |
SK-MaSNL |
| 005 |
20260426095233.0 |
| 008 |
250507c2008 xo |||||| | ||00 b|slo |
| 015 |
|
|
|a SNBRB2009/03
|2 snkbucl
|
| 035 |
|
|
|a (uuid)3c552a93-758d-4a7f-9ba9-14b1a1584107
|
| 035 |
|
|
|a urn:nbn:sk:snk-ab96vz
|
| 035 |
|
|
|a (urnnbn)urn:nbn:sk:snk:ar-0073nx
|
| 038 |
|
|
|a SNKBUCL
|
| 040 |
|
|
|a SNKBUCL
|b slo
|c SNKBUCL
|e AACR2
|
| 041 |
0 |
|
|a slo
|
| 044 |
|
|
|a xo
|c SK
|
| 080 |
|
|
|a 329.4
|x (437.6)
|b SMK
|2 2001
|
| 080 |
|
|
|a 323.15
|x (=511.141)
|x (437.6)
|2 2001
|
| 080 |
|
|
|a 327
|x (439:437.6)
|2 2001
|
| 080 |
|
|
|a 371.671
|2 2001
|
| 080 |
|
|
|a (=511.141)
|2 2001
|
| 100 |
1 |
|
|a Bobák, Ján,
|d 1950-
|4 aut
|9 104397
|
| 245 |
1 |
0 |
|a Zemepis a politika
|c Ján Bobák
|
| 600 |
1 |
7 |
|a Csáky, Pál,
|d 1956-
|2 SNKMA
|9 89590
|
| 610 |
2 |
7 |
|a Fórum maďarských poslancov Karpatskej kotliny
|2 snkbucl
|9 1045397
|
| 610 |
2 |
7 |
|a Strana maďarskej koalície - Magyar Koalíció Pártja
|2 snkbucl
|9 229268
|
| 650 |
0 |
7 |
|a politický hungarizmus
|2 snkbucl
|9 1554479
|
| 650 |
0 |
7 |
|a maďarstvo
|2 snkbucl
|9 1000660
|
| 650 |
0 |
7 |
|a oficiálne toponymá
|2 snkbucl
|9 1206245
|
| 650 |
0 |
7 |
|a slovenské toponymá
|2 snkbucl
|9 1206244
|
| 650 |
0 |
7 |
|a maďarské učebnice
|2 snkbucl
|9 1036275
|
| 650 |
0 |
7 |
|a učebnice dejepisu
|2 snkbucl
|9 854447
|
| 650 |
0 |
7 |
|a učebnice vlastivedy
|2 snkbucl
|9 1293890
|
| 650 |
0 |
7 |
|a medzinárodné vzťahy
|2 SNKPH
|9 3690
|
| 650 |
0 |
7 |
|a Maďari
|2 SNKPH
|9 18097
|
| 650 |
0 |
7 |
|a školy s vyučovacím jazykom maďarským
|2 snkbucl
|9 335681
|
| 650 |
0 |
7 |
|a štandardizované toponymá
|2 snkbucl
|9 1293873
|
| 651 |
|
7 |
|a Slovensko
|2 SNKPHgeo
|9 14231
|
| 651 |
|
7 |
|a Maďarsko
|2 SNKPHgeo
|9 16754
|
| 773 |
0 |
|
|t Kultúra
|g Roč. XI, č. 19 (2008), s. 1 a 10
|x 1335-3470
|
| 850 |
|
|
|a Slovenská národná knižnica
|
| 852 |
|
|
|a Slovenská národná knižnica
|
| 856 |
4 |
1 |
|u http://www.kultura-fb.sk/new/old/archive/pdf/kult1908.pdf
|
| 954 |
|
|
|a odborná, vedecká literatúra pôvodná (slovenská)
|2 lita
|
| 958 |
|
|
|a article13
|
| 958 |
|
|
|a OND
|
| 958 |
|
|
|a HU
|
| 958 |
|
|
|a EUIPO
|
| 999 |
|
|
|c 3160321
|d 3162251
|